000 00620nam a2200193Ia 4500
003 GCL
008 140319s9999 xx 000 0 ara d
040 _aGCL /
_cGCL
082 0 4 _a327.531
_bم ع
100 1 _aمحمد النيرب
245 1 0 _aالعلاقات الامريكية السعودية /
_cمحمد النيرب
260 _a[S.N] :
_bمكتبة مدبولى ،
_c1994
300 _a311 ص
490 _a
650 0 4 _aالولايات المتحدة الامريكية
650 0 4 _aالعلاقات الخارجية
650 0 4 _aالمملكة العربية السعودية
942 _2ddc
_cBK
999 _c47638
_d47638